| 000 | 01090cam a22003014a 4500 | ||
|---|---|---|---|
| 001 | 17178046 | ||
| 003 | ARRUPE | ||
| 005 | 20140930131914.0 | ||
| 008 | 120223s2012 ilu b 001 0 eng | ||
| 010 | _a 2012005238 | ||
| 020 | _a9780830839636 (pbk. : alk. paper) | ||
| 040 |
_aDLC _cDLC _dDLC |
||
| 042 | _apcc | ||
| 050 | 0 | 0 |
_aBS476 _b.B4945 2012 |
| 082 | 0 | 0 |
_a220.601 _223 |
| 245 | 0 | 0 |
_aBiblical hermeneutics : _bfive views / _cedited by Stanley E. Porter and Beth M. Stovell ; with contributions by Craig L. Blomberg ... [et al.]. |
| 260 |
_aDowners Grove, Ill. : _bIVP Academic, _cc2012. |
||
| 300 |
_a224 p. ; _c23 cm. |
||
| 490 | 0 | _aSpectrum multiview book | |
| 504 | _aIncludes bibliographical references and index. | ||
| 630 | 0 | 0 |
_aBible _xHermeneutics. _911815 |
| 700 | 1 |
_aPorter, Stanley E., _d1956- _911816 |
|
| 700 | 1 |
_aStovell, Beth M., _d1978- _911817 |
|
| 700 | 1 |
_aBlomberg, Craig. _911818 |
|
| 906 |
_a7 _bcbc _corignew _d1 _eecip _f20 _gy-gencatlg |
||
| 942 |
_2lcc _cMONOGRAPH |
||
| 999 |
_c121002 _d121002 |
||